The writer's legal guide. (Record no. 565)

MARC details
000 -LEADER
fixed length control field 01069cam a2200301 a 4500
001 - CONTROL NUMBER
control field 2564107
003 - CONTROL NUMBER IDENTIFIER
control field OSt
005 - DATE AND TIME OF LATEST TRANSACTION
control field 20230606104759.0
008 - FIXED-LENGTH DATA ELEMENTS--GENERAL INFORMATION
fixed length control field 951205s1997 nyuk b 001 0 eng
010 ## - LIBRARY OF CONGRESS CONTROL NUMBER
LC control number 95083301
020 ## - INTERNATIONAL STANDARD BOOK NUMBER
International Standard Book Number 0927629135
040 ## - CATALOGING SOURCE
Original cataloging agency DLC
Transcribing agency DLC
Modifying agency DLC
043 ## - GEOGRAPHIC AREA CODE
Geographic area code n-us---
050 00 - LIBRARY OF CONGRESS CALL NUMBER
Classification number KF390.A96
Item number C73 1997
082 00 - DEWEY DECIMAL CLASSIFICATION NUMBER
Classification number 346.7304/82
Item number CRA
100 1# - MAIN ENTRY--PERSONAL NAME
Personal name Crawford, Tad,
Dates associated with a name 1946-
245 14 - TITLE STATEMENT
Title The writer's legal guide.
250 ## - EDITION STATEMENT
Edition statement Rev. ed. /
Remainder of edition statement Tad Crawford, Tony Lyons.
260 ## - PUBLICATION, DISTRIBUTION, ETC. (IMPRINT)
Place of publication, distribution, etc. New York :
Name of publisher, distributor, etc. Allworth Press ;
Place of publication, distribution, etc. Cincinnati, Ohio :
Name of publisher, distributor, etc. Distributor to the trade in the U.S. and Canada, Writer's Digest Books,
Date of publication, distribution, etc. c1997.
300 ## - PHYSICAL DESCRIPTION
Extent 303 p. :
Other physical details forms ;
Dimensions 23 cm.
504 ## - BIBLIOGRAPHY, ETC. NOTE
Bibliography, etc Includes bibliographical references (p. 293-294) and index.
650 #0 - SUBJECT ADDED ENTRY--TOPICAL TERM
Topical term or geographic name as entry element Authors
General subdivision Legal status, laws, etc.
Geographic subdivision United States
General subdivision Popular works.
650 #0 - SUBJECT ADDED ENTRY--TOPICAL TERM
Topical term or geographic name as entry element Copyright
Geographic subdivision United States
General subdivision Popular works.
700 1# - ADDED ENTRY--PERSONAL NAME
Personal name Lyons, Tony.
906 ## - LOCAL DATA ELEMENT F, LDF (RLIN)
a 7
b cbc
c orignew
d 2
e opcn
f 19
g y-gencatlg
942 ## - ADDED ENTRY ELEMENTS (KOHA)
Source of classification or shelving scheme Dewey Decimal Classification
Koha item type Books
Holdings
Withdrawn status Lost status Source of classification or shelving scheme Damaged status Not for loan Home library Current library Date acquired Total Checkouts Full call number Barcode Date last seen Price effective from Koha item type
    Dewey Decimal Classification     Bunge Tower Library Bunge Tower Library 06/06/2023   346.7304/82 CRA 1000178 06/06/2023 06/06/2023 Books
LIBRARY OPENING HOURS

When the Parliament is sitting: 8.00a.m - 7.00p.m or until the house adjourns
Mondays and Fridays and when the House is on Recess:  8.00a.m - 5.00p.m
Closed on Weekends and Public Holidays

Online Public Access Catalog (OPAC)
Website: http://www.parliament.go.ke
Bunge Library: https://libraryir.parliament.go.ke
Contact: library@parliament.go.ke | Tel no: (254-2)2221291 or 2848000 Ext 5043